00320cam a2200121ua 4500041001000000082001900010100001700029245008100046250001200127260004300139300001100182504000500193 aengh a828.09bMUL/ST aMullik, B.R. aStudies in prose-writers vol . ll Browne / cB R Mullik.hTextual Documents a2 / b. aNew Delhi : bS.Chand and Co , c1963. a62 ; . a